[Event "PRVA LIGA CENTRALNE SRBIJE 2018."]
[Site "Kragujevac,hotel Sumarice"]
[Date "2018.09.16"]
[Round "4.5"]
[White "Petkov, Vladimir"]
[Black "Csonka, Balazs"]
[Result "1-0"]
[WhiteElo "2510"]
[BlackElo "2450"]
[PlyCount "79"]
[EventDate "2018.09.14"]
[WhiteTeam "Progres  Pirot"]
[BlackTeam "Sloga Petrovac"]

1. Nf3 d5 2. g3 Nf6 3. Bg2 e6 4. O-O Be7 5. d3 O-O 6. Nbd2 c5 7. e4 Nc6 8. Re1
b5 9. e5 Nd7 10. Nf1 Bb7 11. h4 Qc7 12. Bf4 Rfc8 13. h5 h6 14. N1h2 b4 15. Ng4
Qd8 16. c4 bxc3 17. bxc3 Rab8 18. Qd2 Bf8 19. Nfh2 d4 20. c4 Ne7 21. Rab1 Bxg2
22. Kxg2 Rxb1 23. Rxb1 Rb8 24. Rb3 Rxb3 25. axb3 Qb8 26. Qd1 Nc6 27. Nf3 Qb7
28. Kg1 Na5 29. Nd2 Qb4 30. Kh2 Qc3 31. Qf3 Nxb3 32. Ne4 Qc2 33. Nd6 Bxd6 34.
exd6 Nc1 35. Ne5 Nxe5 36. Bxe5 Nxd3 37. d7 Nxe5 38. d8=Q+ Kh7 39. Qf4 Nd3 40.
Qxf7 1-0

[Event "PRVA LIGA CENTRALNE SRBIJE 2018."]
[Site "Kragujevac,hotel Sumarice"]
[Date "2018.09.16"]
[Round "4.5"]
[White "Stankovic, Milos"]
[Black "Paunovic, Tomislav"]
[Result "1/2-1/2"]
[WhiteElo "2443"]
[BlackElo "2340"]
[PlyCount "48"]
[EventDate "2018.09.14"]
[WhiteTeam "Sloga Petrovac"]
[BlackTeam "Progres  Pirot"]

1. e4 g6 2. d4 Bg7 3. Nf3 c6 4. Nc3 d5 5. Bf4 Bg4 6. h3 Bxf3 7. Qxf3 dxe4 8.
Nxe4 Nd7 9. Bc4 Ngf6 10. Ng5 O-O 11. O-O-O Nb6 12. Bb3 a5 13. a3 a4 14. Ba2
Nbd5 15. Bd2 b5 16. h4 h5 17. Ne4 Qb6 18. Nxf6+ Nxf6 19. Bb4 Rfe8 20. Qd3 e6
21. f3 Rad8 22. c3 Bf8 23. Bxf8 Kxf8 24. g4 c5 1/2-1/2

[Event "PRVA LIGA CENTRALNE SRBIJE 2018."]
[Site "Kragujevac,hotel Sumarice"]
[Date "2018.09.16"]
[Round "4.5"]
[White "Manic, Jovica"]
[Black "Dudukovic, Nikola"]
[Result "0-1"]
[WhiteElo "2255"]
[BlackElo "2404"]
[PlyCount "90"]
[EventDate "2018.09.14"]
[WhiteTeam "Progres  Pirot"]
[BlackTeam "Sloga Petrovac"]

1. e4 e6 2. d4 d5 3. e5 c5 4. Qg4 cxd4 5. Bd3 Nc6 6. Nf3 Bd7 7. a3 f5 8. Qg3
Qc7 9. O-O g6 10. h4 Nge7 11. b4 a6 12. Bd2 h6 13. Re1 Bg7 14. Bf4 O-O-O 15.
Nbd2 Rdg8 16. Nb3 g5 17. h5 gxf4 18. Qxf4 Bf8 19. Rac1 Rg4 20. Qd2 Rhg8 21. Bf1
Re4 22. Nc5 Rxe1 23. Qxe1 Kd8 24. c3 dxc3 25. Rxc3 Bg7 26. Nd3 Ke8 27. a4 Qb6
28. Rc5 Nd8 29. Qa1 Nec6 30. b5 Na5 31. Qc3 Bf8 32. bxa6 Bxc5 33. Nxc5 bxa6 34.
Bxa6 Bc6 35. Nd4 Kf7 36. Bc8 Qb1+ 37. Kh2 Qf1 38. Qf3 Rg5 39. Nxf5 exf5 40.
Bxf5 d4 41. Be4+ Ke8 42. Bxc6+ Naxc6 43. Ne4 Nxe5 44. Nf6+ Kf7 45. Qd5+ Ne6 0-1

[Event "PRVA LIGA CENTRALNE SRBIJE 2018."]
[Site "Kragujevac,hotel Sumarice"]
[Date "2018.09.16"]
[Round "4.5"]
[White "Nestorovic, Dejan"]
[Black "Todorovic, Bojan"]
[Result "1/2-1/2"]
[WhiteElo "2340"]
[BlackElo "2318"]
[PlyCount "26"]
[EventDate "2018.09.14"]
[WhiteTeam "Sloga Petrovac"]
[BlackTeam "Progres  Pirot"]

1. d4 d5 2. c4 c6 3. cxd5 cxd5 4. Bg5 Nc6 5. Nc3 f6 6. Bd2 Nxd4 7. e3 Nf5 8.
Bd3 e6 9. Bxf5 exf5 10. Qb3 Bd6 11. Nge2 Ne7 12. Nxd5 Nxd5 13. Qxd5 Be5 1/2-1/2

[Event "PRVA LIGA CENTRALNE SRBIJE 2018."]
[Site "Kragujevac,hotel Sumarice"]
[Date "2018.09.16"]
[Round "4.5"]
[White "Nikolic, Boban"]
[Black "Markovic, Zoran S"]
[Result "1/2-1/2"]
[WhiteElo "2243"]
[BlackElo "2346"]
[PlyCount "25"]
[EventDate "2018.09.14"]
[WhiteTeam "Progres  Pirot"]
[BlackTeam "Sloga Petrovac"]

1. c4 e6 2. Nc3 d5 3. d4 Nf6 4. Bg5 Be7 5. e3 O-O 6. Nf3 h6 7. Bxf6 Bxf6 8. Rc1
c6 9. Bd3 Nd7 10. O-O dxc4 11. Bxc4 e5 12. h3 exd4 13. exd4 1/2-1/2

[Event "PRVA LIGA CENTRALNE SRBIJE 2018."]
[Site "Kragujevac,hotel Sumarice"]
[Date "2018.09.16"]
[Round "4.5"]
[White "Dimitrijevic, Radmilo"]
[Black "Jovanovic, Bojan P"]
[Result "1/2-1/2"]
[WhiteElo "2247"]
[BlackElo "2275"]
[PlyCount "22"]
[EventDate "2018.09.14"]
[WhiteTeam "Sloga Petrovac"]
[BlackTeam "Progres  Pirot"]

1. e4 d6 2. d4 Nf6 3. Nc3 c6 4. a4 g6 5. Nf3 Bg4 6. h3 Bxf3 7. Qxf3 Qa5 8. Bc4
Qb6 9. Qe3 a5 10. Ba2 Nfd7 11. O-O Bg7 1/2-1/2

[Event "PRVA LIGA CENTRALNE SRBIJE 2018."]
[Site "Kragujevac"]
[Date "2018.09.16"]
[Round "4.6"]
[White "Todorovic, Goran N"]
[Black "Mladenovic, Stefan"]
[Result "1-0"]
[WhiteElo "2326"]
[BlackElo "2355"]
[Annotator "Balkanchess"]
[PlyCount "78"]
[EventDate "2018.??.??"]
[WhiteClock "0:02:12"]

1. c4 Nf6 2. Nc3 c5 3. Nf3 b6 4. d4 cxd4 5. Nxd4 Bb7 6. f3 g6 7. e4 d6 8. Be3
Bg7 9. Be2 O-O 10. O-O Nbd7 11. Qd2 a6 12. Rac1 Rc8 13. Rfd1 Rc7 14. Nd5 Nxd5
15. cxd5 Nc5 16. b4 Na4 17. Rxc7 Qxc7 18. Rc1 Qd7 19. Bd1 b5 20. Bxa4 bxa4 21.
Nc6 e6 22. Bd4 Bxd4+ 23. Qxd4 exd5 24. exd5 Re8 25. Kf2 Qf5 26. h4 h5 27. a3 g5
28. hxg5 Qxg5 29. Rh1 f6 30. Rh4 Kf7 31. Re4 Rg8 32. g4 Qh4+ 33. Ke2 Qh2+ 34.
Kd3 Bxc6 35. dxc6 Qh1 36. Qd5+ Kf8 37. Qxd6+ Kg7 38. Qe7+ Kg6 39. gxh5+ Qxh5
1-0

[Event "PRVA LIGA CENTRALNE SRBIJE 2018."]
[Site "Kragujevac"]
[Date "2018.09.16"]
[Round "4.6"]
[White "Cvetanovic, Uros"]
[Black "Ristic, Nebojsa M"]
[Result "1/2-1/2"]
[WhiteElo "2295"]
[BlackElo "2361"]
[Annotator "Balkanchess"]
[PlyCount "22"]
[EventDate "2018.??.??"]
[WhiteClock "0:45:49"]
[BlackClock "1:00:06"]

1. e4 d6 2. d4 g6 3. Be3 Bg7 4. Qd2 Nf6 5. f3 Nbd7 6. Nc3 a6 7. O-O-O c6 8. Kb1
Qc7 9. Bh6 Bxh6 10. Qxh6 b5 11. g4 Bb7 1/2-1/2

[Event "PRVA LIGA CENTRALNE SRBIJE 2018."]
[Site "Kragujevac"]
[Date "2018.09.16"]
[Round "4.6"]
[White "Markovic, Milan D"]
[Black "Ilic, Zoran S"]
[Result "0-1"]
[WhiteElo "2247"]
[BlackElo "2307"]
[Annotator "Balkanchess"]
[PlyCount "98"]
[EventDate "2018.??.??"]
[WhiteClock "0:19:43"]
[BlackClock "0:10:42"]

1. g3 g6 2. Bg2 Bg7 3. c4 c5 4. Nc3 Nc6 5. Nf3 d6 6. O-O e6 7. e3 Nge7 8. d4
O-O 9. b3 cxd4 10. exd4 Nf5 11. Ne2 Rb8 12. a4 Qb6 13. Bb2 a5 14. Rb1 Nb4 15.
Nf4 Re8 16. Re1 Bd7 17. g4 Ne7 18. Ng5 h6 19. Ne4 Qc7 20. d5 e5 21. h3 b6 22.
Ne2 f5 23. gxf5 Nxf5 24. N2g3 Nh4 25. Re3 Rf8 26. Bc3 Na6 27. Qd2 Rf4 28. Ne2
Rf7 29. Rf1 Rbf8 30. Rg3 Kh7 31. f4 Nc5 32. Nxc5 Qxc5+ 33. Kh2 Nf5 34. fxe5
Nxg3 35. Rxf7 Rxf7 36. Bd4 Bxe5 37. Bxe5 Nf1+ 38. Bxf1 Qf2+ 39. Bg2 dxe5 40.
Qd3 Bf5 41. Qf3 Qxf3 42. Bxf3 Bxh3 43. Kg3 Bf5 44. Nc3 Bc2 45. Bg4 Bxb3 46. Be6
Rf8 47. d6 Rd8 48. d7 Kg7 49. Bh3 Bxc4 0-1

[Event "PRVA LIGA CENTRALNE SRBIJE 2018."]
[Site "Kragujevac"]
[Date "2018.09.16"]
[Round "4.6"]
[White "Stankovic, Dragan P"]
[Black "Dimitrijevic, Nenad"]
[Result "1/2-1/2"]
[WhiteElo "2229"]
[BlackElo "2216"]
[Annotator "Balkanchess"]
[PlyCount "71"]
[EventDate "2018.??.??"]
[WhiteClock "0:06:57"]
[BlackClock "0:19:35"]

1. g3 c5 2. Bg2 Nc6 3. c4 g6 4. Nc3 Bg7 5. a3 d6 6. Rb1 Bd7 7. b4 b6 8. Nf3 Qc8
9. Nd5 e6 10. Nf4 Nge7 11. Bb2 Bxb2 12. Rxb2 e5 13. Nd5 Nxd5 14. cxd5 Ne7 15.
Ng5 Qc7 16. Ne4 O-O 17. Nc3 f5 18. O-O Kg7 19. f4 e4 20. Rc2 Ng8 21. d3 exd3
22. Qxd3 Nf6 23. e4 fxe4 24. Nxe4 Bf5 25. Qc3 Bxe4 26. Bxe4 Rae8 27. Bf3 Qd7
28. bxc5 bxc5 29. g4 Kg8 30. f5 g5 31. Re1 Rxe1+ 32. Qxe1 Re8 33. Re2 Rxe2 34.
Qxe2 Kg7 35. Qe6 Qa4 36. Kf1 1/2-1/2